000
00296nam a22001337a 4500
008
170823b xxu||||| |||| 00| 0 eng d
020
_a
9780521336550
041
_a
eng
080
_a
51
100
_a
38
101
_a
MAT
245
_a
SOLITONS AN INTRODUCTION
_c
DRAZIN.P.G
942
_2
udc
_c
BK
999
_c
24643
_d
24643